000 00422nam a22001697a 4500
003 NUST - PNEC
005 20170116181117.0
008 151004b xxu||||| |||| 00| 0 eng d
020 _a-
040 _cLIBRARY
082 _a891.4394 AMJ
100 _913303
_aAmjad, Amjad Islam
245 _aSheher dar sheher
_cAmjad Islam Amjad
260 _cc.1990
650 _913306
_aUrdu Literature
_xGeneral
942 _2ddc
_cBK
999 _c69413
_d69413